000 03960cam a22013094i 4500
003 PE-LiUPU
005 20250813185329.0
008 150407s2015 sp 000 0dspa d
020 _a8416312362
020 _a9788416312368
035 _a(Sirsi) i9788416312368
040 _aBNM
_bspa
_erdc
_cBNM
_dPE-LiUPU
_erda
049 _aPRUA
080 _a304.82
_bO73
_220
082 0 4 _a314.7
_bO73 2015
100 1 _aOrtega Giménez, Alfonso,
_eautor.
245 1 0 _aGestión de la diversidad cultural en las aulas universitarias /
_cAlfonso Ortega Giménez, Lerdys S. Heredia Sánchez, Juan David Sempere Souvannavong.
264 _aSan Vicente, Alicante :
_bEditorial Club Universitario,
_c2015.
300 _a58 páginas ;
_c24 centímetros.
336 _text
_2rdacontent
337 _unmediated
_2rdamedia
338 _volume
_2rdacarrier
504 _aBibliografía : páginas 53-58.
505 2 _aEl hecho migratorio, geografía y migraciones -- El sistema migratorio actual -- Causas y consecuencias (territoriales) de las migraciones -- Panorama de las migraciones actuales -- El desarrollo de la competencia intercultural en el ámbito universitario -- Régimen jurídico administrativo aplicable a los estudiantes extranjeros en España.
526 _aP202
526 _aP201
526 _aP163
526 _aP162
526 _aP161
526 _aP160
526 _aP148
526 _aP147
526 _aP146
526 _aP145
526 _aP144
526 _aP143
526 _aP142
526 _aP141
526 _aP140
526 _aP139
526 _aP138
526 _aP137
526 _aP136
526 _aP135
526 _aP134
526 _aP133
526 _aP129
526 _aP128
526 _aP127
526 _aP120
526 _aP119
526 _aP118
526 _aP116
526 _aP115
526 _aP114
526 _aP110
526 _aP109
526 _aP108
526 _aP104
526 _aP103
526 _aP102
526 _aP99
526 _aP98
526 _aP97
526 _aP96
526 _aP95
526 _aP93
526 _aP90
526 _aP89
526 _aP88
526 _aP83
526 _aP82
526 _aP62
526 _aP59
526 _aP58
526 _aP57
526 _aP51
526 _aP49
526 _aP48
526 _aP47
526 _aP29
526 _aP24
526 _aP20
526 _aP19
526 _aP17
526 _aP15
526 _aP14
526 _aP12
526 _aP10
526 _aP09
526 _aP08
526 _aP07
526 _aP06
526 _aP05
526 _aP04
526 _aP01
541 _g0020-0000825;
541 _g0020-0000903;
650 7 _aEmigración e inmigración
_2embne
650 7 _aEnseñanza superior
_zEspaña
_2embne
650 7 _aMulticulturalismo
_2embne
700 1 _aHeredia Sánchez, Lerdys Saray,
_eautor.
700 1 _aSempere Souvannavong, Juan David,
_eautor.
910 _armch
_btqv
_cwelc
_d20160725
942 _2ddc
_cBOOK
949 _a304.82 O73
_wDEWEY
_c1
_i74071
_lCCODEBUL1
_mBUL
_p25.84
_r0
_sY
_tBOOK
_u2016-7-15
_xEDUCACION
_PP20
_0COMPRA
_o.STAFF. Colección General
949 _a314.7 O73 2015
_wDEWEY
_c1
_iFJ01285
_lCCODEBUJ1
_mBUJ
_p14.71
_r0
_sY
_tBOOK
_u2016-7-25
_xEDUCACION
_PP20
_0COMPRA
_o.STAFF. Colección General Juliaca
994 _aC0
_bPEPRU
596 _a1 3
999 _a304.82 O73
_wDEWEY
_c11287
_i74071
_f2021-11-8
_g5
_lCCODEBUL1
_mBUL
_p25.84
_r0
_sY
_tBOOK
_u2016-7-15
_xEDUCACION
_PP20
_0COMPRA
_o.STAFF. Colección General
_d11287
999 _a314.7 O73 2015
_wDEWEY
_c1
_iFJ01285
_f2022-1-18
_g4
_lCCODEBUJ1
_mBUJ
_p14.71
_r0
_sY
_tBOOK
_u2016-7-25
_xEDUCACION
_PP20
_0COMPRA
_o.STAFF. Colección General Juliaca
980 _81
_gALBERTO SANCHEZ Responsable de Automatización